| 000 | 00553nam a22001697a 4500 | ||
|---|---|---|---|
| 008 | 220105b |||||||| |||| 00| 0 eng d | ||
| 020 | _a9781292040035 | ||
| 050 | _aSF 105 .B68 2014 | ||
| 100 | _aBourdon, Richard M. | ||
| 245 |
_aUnderstanding animal breeding/ _cRichard M. Bourdon. |
||
| 250 | _a2nd Ed. | ||
| 260 |
_aHarlow, Essex : _bPearson Education Limited, _c ©2014 |
||
| 300 | _aii, 513 pages : illustrations ; 28 cm. | ||
| 504 | _aIncludes index. | ||
| 650 | _aAnimal breeding. | ||
| 942 |
_2lcc _hSF 105 .B68 2014 _cBOOKS |
||
| 999 |
_c30994 _d30994 |
||